00850nam a2200265Ia 450000500170000000800410001702000180005810000280007624500370010425000180014130000500015949000240020953400180023365000490025165000490030065000360034994200150038526400350040033600270043533700330046233800280049504000350052308400110055899900150056920220317001527.0161108s2003 sp a g 000 j s  a97884963888191 aVoltz, Christiand1967-10aTodavía nada?cChristian Voltz a2a. edición a[32] páginasbilustraciones en colorc23 cm aLibros para soñar tToujours rien142LEMBaCuentos infantiles francesesySiglo XX142LEMBaLiteratura infantil francesaySiglo XX142LEMBaSemillas en la literatura 2loccBKLIT a[Pontevedra]bKalandrakac2003 atextobtxt2rdacontent asin mediaciónbn2rdamedia avolumenbnc2rdacarrier aCO-BoRNBPbspaerdacCO-BoRNBP aC VOL3 c7252d7252